Isabela villain song what else can I do - Statistics

General Stats
  • This quiz has been taken 26 times
  • The average score is 150 of 280
Answer Stats
Hint Answer % Correct
2 | 28 | 101 | +3 others do
100%
3 | 12 | 34 | +8 others the
100%
24 | 203 | 267 | +2 others what
100%
272 (what
100%
23 | 45 | 59 | +11 others you
100%
37 | 50 | 88 | +5 others a
67%
242 (a
67%
16 | 18 | 119 | +6 others and
67%
61 be
67%
77 but
67%
26 | 269 | 278 can
67%
51 | 243 child
67%
105 | 197 choose
67%
44 | 204 could
67%
228 crazy
67%
79 done
67%
55 don't
67%
25 | 268 | 273 | 277 else
67%
275 else)
67%
93 | 185 figs
67%
84 go
67%
126 has
67%
43 | 174 | 177 how
67%
27 | 47 | 104 | +7 others i
67%
98 | 149 | 155 | 190 is
67%
9 | 116 it
67%
124 its
67%
130 | 170 it's
67%
49 | 73 | 166 just
67%
33 kill
67%
97 | 189 life
67%
70 love
67%
215 | 236 me
67%
99 | 191 mine
67%
85 | 96 | 188 | 240 my
67%
249 (my
67%
1 never
67%
156 no
67%
72 not
67%
263 now
67%
22 | 90 | 123 | 182 of
67%
63 | 64 oh
67%
146 one
67%
68 ones
67%
107 | 199 owe
67%
14 | 31 that
67%
165 there
67%
100 | 109 | 147 | +7 others to
67%
255 (to
67%
20 too
67%
4 unexpected
67%
121 until
67%
95 | 187 vines
67%
46 | 111 | 212 when
67%
118 wit
67%
36 | 80 | 102 | +2 others with
67%
81 | 151 | 258 your
67%
122 | 257 all
33%
22 are
33%
161 arise
33%
40 | 103 | 158 | 195 as
33%
19 ask
33%
128 away
33%
148 blame
33%
139 bloom
33%
29 bury
33%
125 color
33%
42 decomposes
33%
238 destroying
33%
57 display
33%
207 | 223 expect
33%
32 exposes
33%
120 fade
33%
13 | 54 family
33%
115 | 154 | 225 flower
33%
237 from
33%
209 gonna
33%
94 | 186 hanging
33%
211 happen
33%
17 harms
33%
233 helpless
33%
89 | 181 hurricane
33%
15 hurts
33%
78 i'm
33%
91 | 183 jacarandas
33%
137 lost
33%
214 | 247 made
33%
157 more
33%
21 much
33%
60 must
33%
113 neglect
33%
159 new
33%
108 | 200 nothing
33%
58 obey
33%
145 only
33%
129 paint
33%
62 perfect
33%
219 plant
33%
141 plucked
33%
221 poison
33%
206 possibly
33%
153 precious
33%
152 prized
33%
143 pruned
33%
173 | 266 see
33%
160 shoots
33%
38 smile
33%
264 so
33%
5 stand
33%
235 stop
33%
7 straight
33%
92 | 184 strangling
33%
56 stray
33%
52 support
33%
216 tend
33%
71 that's
33%
168 thorns
33%
6 up
33%
11 | 256 uphold
33%
48 | 208 | 251 was
33%
39 watch
33%
87 way
33%
230 weak
33%
30 weakness
33%
117 will
33%
229 | 232 you're
33%
136 | 140 you've
33%
248 anew
0%
127 drained
0%
76 forget
0%
250 future
0%
82 games
0%
83 i'll
0%
164 isn't
0%
261 lies)
0%
133 outcome's
0%
86 own
0%
131 petals
0%
241 powers
0%
254 price)
0%
163 rose
0%
246 sacrifice)
0%
135 same
0%
176 | 179 shine
0%
259 sins
0%
74 something
0%
8 stick
0%
66 suffocate
0%
10 through
0%
171 time
0%
244 told
0%
35 wild
0%
41 wonder
0%
253 worthy
0%
265 you'll
0%
No matching quizzes found
Score Distribution
Percent of People with Each Score
Percentile by Number Answered
Your Score History
You have not taken this quiz